[Event "Mumbai Wealth op 3rd"]
[Site "Mumbai"]
[Date "2018.01.03"]
[Round "5"]
[White "Jenil, Shah"]
[Black "Lama, Surbir"]
[Result "1-0"]
[WhiteElo "1721"]
[BlackElo "1978"]
[PlyCount "119"]
[EventDate "2017.12.30"]
[EventType "swiss"]
[EventRounds "9"]
[EventCountry "IND"]
[SourceTitle "CBM 182 Extra"]
[Source "ChessBase"]
[SourceDate "2018.02.23"]
[SourceVersion "1"]
[SourceVersionDate "2018.02.23"]
[SourceQuality "1"]

1. e4 c5 2. Nc3 d6 3. f4 e6 4. Nf3 Nf6 5. Bb5+ Bd7 6. Bxd7+ Qxd7 7. 0-0 Be7 8. d3 0-0 9. f5 exf5 10. Nh4 d5 11. Nxf5 dxe4 12. Nxe7+ Qxe7 13. Bg5 Nbd7 14. Nxe4 Qe5 15. Bxf6 Nxf6 16. Nxf6+ gxf6 17. b3 b6 18. Qf3 Kg7 19. Rae1 Qd4+ 20. Kh1 Rae8 21. h3 Re6 22. Qg3+ Kh8 23. Rxe6 fxe6 24. Qc7 f5 25. Re1 Qf6 26. Qxa7 e5 27. Qb7 Re8 28. Qd5 Re6 29. a4 Qe7 30. Re3 Kg7 31. Rg3+ Rg6 32. Re3 Re6 33. Rg3+ Rg6 34. Re3 Re6 35. Qf3 Kh8 36. Qd5 Kg7 37. Rg3+ Rg6 38. Re3 Re6 39. Rg3+ Rg6 40. Re3 Re6 41. Qf3 Qf6 42. Qh5 Qg6 43. Qxg6+ hxg6 44. Kg1 Kf6 45. Re1 Re8 46. Kf2 Ke6 47. Ra1 Kd5 48. Ke3 e4 49. a5 Kc6 50. a6 exd3+ 51. Kxd3 b5 52. a7 Kb7 53. a8Q+ Rxa8 54. Rxa8 Kxa8 55. c4 Kb7 56. cxb5 g5 57. g3 Kb6 58. h4 f4 59. hxg5 fxg3 60. Ke2 1-0